• 首页
  • 本馆介绍
  • 公告通知
  • 最新文献
  • 馆藏检索
  • 电子资源
  • 读者导购
  • 参考咨询
  • 我的图书馆
  • 登录
  • 详细信息显示
  • 放入我的书架
  • 预约/预借图书
  • 作者相关作品
  • 分类相关作品
  • 丛书相关作品
  • 出版社相关作品

书目信息

  • 表格格式
  • 工作单格式
  • 卡片格式
题名:
五四运动简史
    
 
作者: 汪士汉 著
分册:  
出版信息: 北京   中国社会科学出版社  1979
页数: 257页
开本: 19cm
丛书名:
单 册:
中图分类: K261.1
科图分类:
主题词: 中国--历史
电子资源:
ISBN:
000 00501nam0 2200193 45
001 0304110861
005 20060925173018.52
010    @dCNY0.62
091    @a11190.006
100    @a20030411d1979 km y0chiy0120 ea
101 0  @achi
200 1  @a五四运动简史@AWu Si Yun Dong Jian Shi@f汪士汉著@FWang Shi Han Zhu
210    @a北京@c中国社会科学出版社@d1979
215    @a257页@d19cm
606 0  @a中国@x历史
690    @aK261.1@v3
701  0 @a汪士汉@4著
801    @aCN@bTSTC@c20060925
905    @dK261.1@e24
    
    五四运动简史/汪士汉著.-北京:中国社会科学出版社,1979
    257页;19cm
    
    
    ISBN :CNY0.62
    
●
相关链接 在E读中查询图书 在五车中查询图书 在当当中查询图书 在豆瓣中查询图书


正题名:五四运动简史     索取号:K261.1/24         预约/预借

序号 登录号 条形码 馆藏地/架位号 状态 备注
1 0075558   202272370   密集书库/ [索取号:K261.1/24] 在馆    
2 0075559   000641363   密集书库/ [索取号:K261.1/24] 在馆    
3 0075560   000641381   第二借阅区/ [索取号:K261.1/24] 在馆    
4 0075561   000641390   第二借阅区/ [索取号:K261.1/24] 在馆    
5 0075562   000641372   第二样本阅览室/ [索取号:K261.1/24] 在馆    
6 0228612   001792992   密集书库/ [索取号:K261.1/24] 在馆    
7 0422876   204228763   密集书库/ [索取号:K261.1/24] 在馆    
8 0436315   204363152   密集书库/ [索取号:K261.1/24] 在馆    
唐山师范学院图书馆 欢迎您!
大连网信软件有限公司© 版权所有